| 000 | 00529nam a2200217Ia 4500 | ||
|---|---|---|---|
| 003 | OSt | ||
| 005 | 20221005121058.0 | ||
| 006 | a|||||r|||| 00| 0 | ||
| 007 | ta | ||
| 008 | 221004b |||||||| |||| 00| 0 eng d | ||
| 024 | _a57013 | ||
| 037 | _cTextual | ||
| 040 |
_aCRL _cCRL _beng |
||
| 041 |
_2eng _aeng |
||
| 082 | _aU:23654k, C5 | ||
| 245 | 0 | _aGazetteer of the Gujranwala district, 1893 -94 | |
| 260 | _c1895 | ||
| 650 | _aGEOGRAPHY | ||
| 942 |
_hU:23654k, C5 _cTEXL _2cc |
||
| 999 |
_c1040007 _d1040007 |
||